| 000 | 00000nam 2200000za 4500 |
| 001 | 9.840904 |
| 003 | CaOODSP |
| 005 | 20221107151947 |
| 007 | cr ||||||||||| |
| 008 | 170802s2009 onc |o f|0| 0 fre d |
| 040 | |aCaOODSP|bfre |
| 043 | |an-cn--- |
| 086 | 1 |aH144-13/7-2009F-PDF |
| 245 | 00|aRecommandations pour la qualité de l’eau potable au Canada |h[ressource électronique] : |bdocument technique - les trihalométhanes / |cpréparé par le Comité fédéral-provincial-territorial sur l’eau potable du Comité fédéral-provincial-territorial sur la santé et l’environnement. |
| 260 | |aOttawa : |bSanté Canada, |c2009. |
| 300 | |aiv, 70 p. |
| 500 | |aTitre de la couv. |
| 500 | |aPubli. aussi en anglais sous le titre : Guidelines for Canadian drinking water quality: guideline technical document - trihalomethanes. |
| 500 | |a« Mai 2006 (avec l'addendum d'avril 2009). » |
| 504 | |aComprend des références bibliographiques. |
| 692 | 07|2gccst|aEau potable |
| 710 | 1 |aCanada. |bSanté Canada. |
| 775 | 08|tGuidelines for Canadian drinking water quality |w(CaOODSP)9.840894 |
| 856 | 40|qPDF|s427 Ko|uhttps://publications.gc.ca/collections/collection_2017/sc-hc/H144-13-7-2009-fra.pdf |